01654cam a2200349 a 4500001001400000003000800014005001700022006001900039007001500058008004100073020003800114040003000152049002600182050002000208082001700228100002800245245013700273260004200410300004500452504005100497520041900548521001700967588004700984650003001031655002901061700001801090710001601108776003501124856011001159942001601269999001901285EDZ0000159504StDuBDS20161031105252.0m||||||||d||||||||cr |||||||||||130912s1998 caua fo| 001|0|eng d a9781483328218 (ebook) :cNo price aStDuBDSbengcStDuBDSepn aAlfaisal Main Library 0aHD66b.Y43 199804a658.40362231 aYeatts, Dale E.,d1952-10aHigh-performing self-managed work teamsh[electronic resource] :ba comparison of theory to practice /cDale E. Yeatts, Cloyd Hyten. aThousand Oaks, Calif. :bSAGE,c1998. a1 online resource (xvii, 379 p.) :bill. aIncludes bibliographical references and index.8 aSince the mid-1970s, pressure from international competition has forced business in the United States to look for better ways to achieve and maintain a competitive position. One popular tool is the self-managed work-team (SMWT). This book provides a thorough examination of SMWT both at the level of theory and at the practical level of when to use work teams to find solutions and how to develop successful teams. aSpecialized. aDescription based on print version record. 0aSelf-directed work teams. 7aElectronic books.2local1 aHyten, Cloyd.2 aSage eBooks08iPrint version :z978076190469440uhttp://ezproxy.alfaisal.edu/login?url=http://sk.sagepub.com/books/high-performing-self-managed-work-teams 2lcccEBOOKS c483113d483113